Southville International School and Colleges
Your cart is empty.
  • Cart
  • Lists
    Public lists Eva Luna New books Lux_list list_1
    Your lists Log in to create your own lists
  • Log in to your account
  • Your cookies
  • Search history
Southville International School and Colleges
  • Advanced search
  • Recent comments
  • Most popular
  • Libraries

Log in to your account

Log in with GOOGLE


If you do not have an external account, but do have a local account, you can still log in:

  1. Home
  2. MARC view: The World atlas of coffee :
Normal view MARC view ISBD view

The World atlas of coffee : (Record no. 363228)

[ view plain ]
MARC details
000 -LEADER
fixed length control field 00717nam a2200265Ia 4500
008 - FIXED-LENGTH DATA ELEMENTS--GENERAL INFORMATION
fixed length control field 200601s9999 xx 000 0 und d
020 ## - INTERNATIONAL STANDARD BOOK NUMBER
International Standard Book Number 978-1-78472-429-0
050 ## - LIBRARY OF CONGRESS CALL NUMBER
Classification number REF TX 415
050 ## - LIBRARY OF CONGRESS CALL NUMBER
Item number .H64 2018
100 ## - MAIN ENTRY--PERSONAL NAME
Personal name Hoffmann, James.
245 #4 - TITLE STATEMENT
Title The World atlas of coffee :
245 #0 - TITLE STATEMENT
Remainder of title from beans to brewing - coffees explored, explained and enjoyed /
245 #0 - TITLE STATEMENT
Statement of responsibility, etc James Hoffmann.
250 ## - EDITION STATEMENT
Edition statement 2nd Edition
260 ## - PUBLICATION, DISTRIBUTION, ETC. (IMPRINT)
Place of publication, distribution, etc Great Britain :
260 ## - PUBLICATION, DISTRIBUTION, ETC. (IMPRINT)
Name of publisher, distributor, etc Mitchell Beazley,
260 ## - PUBLICATION, DISTRIBUTION, ETC. (IMPRINT)
Date of publication, distribution, etc 2018
300 ## - PHYSICAL DESCRIPTION
Extent 272 pages :
300 ## - PHYSICAL DESCRIPTION
Other physical details color illustrations ;
300 ## - PHYSICAL DESCRIPTION
Dimensions 26 cm.
500 ## - GENERAL NOTE
General note Includes index.
650 ## - SUBJECT ADDED ENTRY--TOPICAL TERM
Topical term or geographic name as entry element Coffee.
650 ## - SUBJECT ADDED ENTRY--TOPICAL TERM
Topical term or geographic name as entry element Cookery (Coffee).
650 ## - SUBJECT ADDED ENTRY--TOPICAL TERM
General subdivision Coffee -- History.
Holdings
Withdrawn status Lost status Damaged status Home library Current library Shelving location Date acquired Cost, normal purchase price Total Checkouts Full call number Barcode Date last seen Price effective from Koha item type
      South Mansfield College South Mansfield College Reference Section 01/10/2020 1119.20   REF TX 415 .H64 2018 SMC06297 06/01/2020 06/01/2020 Books

The World atlas of coffee :

APA

Hoffmann J., .The World atlas of coffee. Great Britain: .

Chicago

Hoffmann James, .The World atlas of coffee. Great Britain: .

Harvard

Hoffmann J., .The World atlas of coffee. Great Britain: .

MLA

Hoffmann James, .Great Britain: . .

  • Place hold
  • Print
  • Cite
  • Add to your cart (remove)
  • Save record
    BIBTEX Dublin Core MARCXML MARC (non-Unicode/MARC-8) MARC (Unicode/UTF-8) MARC (Unicode/UTF-8, Standard) MODS (XML) RIS
  • More searches
    Search for this title in:
    Other Libraries (WorldCat) Other Databases (Google Scholar) Online Stores (Bookfinder.com) Open Library (openlibrary.org)

Exporting to Dublin Core...

SOUTHVILLE LIBRARY

Southville International School and Colleges Library

1281 Tropical Ave. Cor. Luxembourg St., BF Homes International, Las Pinas City

Tel. No. 8256374 / 252358 Loc. 117/146

Powered by Koha